[Event "IECC O email"]
[Site "IECC email"]
[Date "2003.01.28"]
[Round "?"]
[White "Stanton, Tina"]
[Black "Cain, Charlie"]
[Result "0-1"]
[WhiteElo "1331"]
[BlackElo "1520"]
[PlyCount "72"]
[EventDate "2003.??.??"]
[EventType "tourn (corr)"]
[EventRounds "6"]
[SourceTitle "Corr 2008"]
[Source "ChessBase"]
[SourceDate "2008.06.24"]
[SourceVersion "1"]
[SourceVersionDate "2008.06.24"]
[SourceQuality "1"]

1. e4 d5 2. d4 dxe4 3. Nc3 Nf6 4. d5 e5 5. Bb5+ Bd7 6. Bg5 Bxb5 7. Nxb5 a6 8. Nc3 Bb4 9. Bxf6 Qxf6 10. Qg4 0-0 11. Nge2 Bxc3+ 12. Nxc3 Qb6 13. b3 f5 14. Qh3 Nd7 15. 0-0 Qd6 16. Rfe1 Nb6 17. Red1 Rad8 18. Qe3 Rf7 19. a4 Rfd7 20. a5 Nc8 21. Ne2 Ne7 22. Nc3 c6 23. Qb6 Nxd5 24. Nxd5 cxd5 25. h4 Qc6 26. Qxc6 bxc6 27. h5 h6 28. Ra4 c5 29. Kf1 c4 30. bxc4 d4 31. Ke1 d3 32. c3 Rb8 33. Rb4 Rxb4 34. cxb4 Rd4 35. Rc1 d2+ 36. Ke2 dxc1Q 0-1

[Event "IECC P email"]
[Site "IECC email"]
[Date "2001.03.22"]
[Round "?"]
[White "Wey, Geoffrey"]
[Black "Stanton, Tina"]
[Result "1-0"]
[WhiteElo "1334"]
[BlackElo "1462"]
[PlyCount "67"]
[EventDate "2001.??.??"]
[EventType "tourn (corr)"]
[EventRounds "6"]
[SourceTitle "Corr 2008"]
[Source "ChessBase"]
[SourceDate "2008.06.24"]
[SourceVersion "1"]
[SourceVersionDate "2008.06.24"]
[SourceQuality "1"]

1. d4 d5 2. Nf3 e6 3. e3 c5 4. c3 Nc6 5. Nbd2 Nf6 6. Bd3 Be7 7. 0-0 0-0 8. Re1 c4 9. Bc2 Ne4 10. Nxe4 dxe4 11. Bxe4 f5 12. Bxc6 bxc6 13. Qa4 Qd7 14. Ne5 Qd6 15. Qxc6 Qxc6 16. Nxc6 Bg5 17. e4 Bxc1 18. Raxc1 Bb7 19. Ne5 g6 20. exf5 exf5 21. Nxc4 Be4 22. Ne5 Rfd8 23. Red1 Rd6 24. c4 Rad8 25. d5 Re8 26. Nc6 Rxc6 27. dxc6 Bxc6 28. Re1 Rb8 29. b3 Kf7 30. Rb1 Rd8 31. Rb2 Be4 32. f3 Bc6 33. b4 a6 34. b5 1-0

[Event "IECC O email"]
[Site "IECC email"]
[Date "2001.03.06"]
[Round "?"]
[White "Gould, Michael"]
[Black "Stanton, Tina"]
[Result "1-0"]
[WhiteElo "1655"]
[BlackElo "1469"]
[PlyCount "51"]
[EventDate "2001.??.??"]
[EventType "tourn (corr)"]
[EventRounds "6"]
[SourceTitle "Corr 2008"]
[Source "ChessBase"]
[SourceDate "2008.06.24"]
[SourceVersion "1"]
[SourceVersionDate "2008.06.24"]
[SourceQuality "1"]

1. d4 d5 2. c4 e6 3. Nf3 c5 4. Nc3 Nf6 5. cxd5 exd5 6. g3 Nc6 7. Bg2 Be7 8. 0-0 0-0 9. Bg5 c4 10. Ne5 Nxe5 11. dxe5 Ne4 12. Bxe7 Qxe7 13. Nxd5 Qd7 14. Bxe4 Qe6 15. Qd4 b5 16. Nc7 Bb7 17. Bxh7+ Kxh7 18. Nxe6 fxe6 19. Rfd1 a5 20. Qg4 Bd5 21. e4 Bc6 22. Qxe6 Rac8 23. Rd6 Bxe4 24. Rd4 Rc6 25. Qe7 Rcc8 26. Rxe4 1-0

[Event "IECC M email"]
[Site "IECC email"]
[Date "2000.08.06"]
[Round "?"]
[White "Stanton, Tina"]
[Black "Nagley, Tim"]
[Result "0-1"]
[WhiteElo "1465"]
[BlackElo "2112"]
[PlyCount "49"]
[EventDate "2000.??.??"]
[EventType "tourn (corr)"]
[EventRounds "2"]
[SourceTitle "Corr 2008"]
[Source "ChessBase"]
[SourceDate "2008.06.24"]
[SourceVersion "1"]
[SourceVersionDate "2008.06.24"]
[SourceQuality "1"]

1. e4 e5 2. d4 exd4 3. Qxd4 Nc6 4. Qe3 Nf6 5. Nc3 Bb4 6. Nf3 0-0 7. Bd2 d5 8. Nxd5 Nxd5 9. Qe2 Bxd2+ 10. Qxd2 Nf6 11. Bd3 Qe7 12. 0-0 Nxe4 13. Qe2 Bf5 14. c4 Rfe8 15. Rfd1 Qf6 16. Rab1 Nc5 17. Qd2 Bxd3 18. Rbc1 Be2 19. Re1 Bxf3 20. gxf3 Rxe1+ 21. Rxe1 Nd4 22. Kf1 Qxf3 23. Qxd4 Qh1+ 24. Ke2 Re8+ 25. Kd2 0-1

[Event "IECC M email"]
[Site "IECC email"]
[Date "2000.07.04"]
[Round "?"]
[White "Richard, Andy"]
[Black "Stanton, Tina"]
[Result "1/2-1/2"]
[WhiteElo "1260"]
[BlackElo "1505"]
[PlyCount "27"]
[EventDate "2000.??.??"]
[EventType "tourn (corr)"]
[EventRounds "2"]
[SourceTitle "Corr 2008"]
[Source "ChessBase"]
[SourceDate "2008.06.24"]
[SourceVersion "1"]
[SourceVersionDate "2008.06.24"]
[SourceQuality "1"]

1. e4 c6 2. d4 d5 3. e5 Na6 4. Bxa6 Qa5+ 5. Nc3 Qxa6 6. Qe2 Bf5 7. Qxa6 bxa6 8. Kd1 Rb8 9. Nge2 e6 10. h3 c5 11. g4 Bg6 12. b3 cxd4 13. Nxd4 h5 14. f3 1/2-1/2

[Event "IECC P email"]
[Site "IECC email"]
[Date "2000.04.14"]
[Round "?"]
[White "Stanton, Tina"]
[Black "Nagley, Tim"]
[Result "0-1"]
[WhiteElo "1480"]
[BlackElo "2123"]
[PlyCount "45"]
[EventDate "2000.??.??"]
[EventType "tourn (corr)"]
[EventRounds "6"]
[SourceTitle "Corr 2008"]
[Source "ChessBase"]
[SourceDate "2008.06.24"]
[SourceVersion "1"]
[SourceVersionDate "2008.06.24"]
[SourceQuality "1"]

1. e4 e5 2. f4 exf4 3. Nf3 g5 4. h4 g4 5. Ne5 Bg7 6. Bc4 Bxe5 7. d4 f3 8. dxe5 fxg2 9. Rg1 Qxh4+ 10. Ke2 Nc6 11. Bf4 g3 12. Qd2 Nxe5 13. Bxe5 Qh5+ 14. Ke1 Qxe5 15. Qc3 Qxc3+ 16. Nxc3 h5 17. Rxg2 h4 18. Nd5 Kd8 19. e5 Rh5 20. Ke2 b5 21. Bb3 Rxe5+ 22. Kf3 Bb7 23. Rd1 0-1

[Event "IECC TH-M email"]
[Site "IECC email"]
[Date "1999.12.19"]
[Round "?"]
[White "Stanton, Tina"]
[Black "Nagley, Tim"]
[Result "0-1"]
[WhiteElo "1496"]
[BlackElo "1956"]
[PlyCount "82"]
[EventDate "1999.??.??"]
[EventType "match (corr)"]
[EventRounds "2"]
[SourceTitle "Corr 2008"]
[Source "ChessBase"]
[SourceDate "2008.06.24"]
[SourceVersion "1"]
[SourceVersionDate "2008.06.24"]
[SourceQuality "1"]

1. e4 c6 2. d4 d5 3. exd5 cxd5 4. Bd3 Nf6 5. c3 Bg4 6. Qb3 Qd7 7. f3 Bh5 8. Ne2 Bg6 9. Bxg6 hxg6 10. Bf4 Nc6 11. Nd2 e6 12. 0-0-0 Rc8 13. Kb1 Na5 14. Qc2 b5 15. h4 b4 16. Qd3 bxc3 17. Nxc3 Be7 18. g4 Qb7 19. Bg3 Nc4 20. Nxc4 Rxc4 21. Rde1 Nd7 22. Qe3 Bf6 23. Rd1 Rb4 24. Rh2 Nb6 25. Bd6 Nc4 26. Qf2 Nxd6 27. g5 Be7 28. b3 Nf5 29. Kb2 a5 30. Ne2 a4 31. Rd3 axb3 32. Rxb3 Rxb3+ 33. axb3 Qb4 34. Kc2 Qa3 35. Nc1 Qa1 36. Kd1 Ba3 37. Qd2 Bxc1 38. Qxc1 Ne3+ 39. Kd2 Nf1+ 40. Kc2 Qxc1+ 41. Kxc1 Nxh2 0-1

[Event "IECC Y2KO email"]
[Site "IECC email"]
[Date "1999.10.14"]
[Round "?"]
[White "Tremayne, David L"]
[Black "Stanton, Tina"]
[Result "1-0"]
[WhiteElo "2059"]
[BlackElo "1507"]
[PlyCount "81"]
[EventDate "1999.??.??"]
[EventType "tourn (corr)"]
[EventRounds "2"]
[SourceTitle "Corr 2008"]
[Source "ChessBase"]
[SourceDate "2008.06.24"]
[SourceVersion "1"]
[SourceVersionDate "2008.06.24"]
[SourceQuality "1"]

1. c4 e5 2. Nc3 d6 3. d4 exd4 4. Qxd4 Nc6 5. Qd2 Nf6 6. b3 Bf5 7. Bb2 Be7 8. Nf3 0-0 9. e3 Qd7 10. Be2 Rfe8 11. 0-0 Ne4 12. Nxe4 Bxe4 13. Rad1 Rad8 14. Bc3 Qf5 15. Qb2 Qg6 16. b4 Ne5 17. Bxe5 dxe5 18. Qxe5 Bxb4 19. Rxd8 Rxd8 20. Qxc7 Rd2 21. Rd1 Rxd1+ 22. Bxd1 Bxf3 23. Qd8+ Bf8 24. Bxf3 Qb1+ 25. Qd1 Qxa2 26. Bd5 Be7 27. g3 b6 28. Kg2 Bf6 29. Qg4 Qa3 30. Qc8+ Qf8 31. Qc7 a5 32. Qxb6 a4 33. Qa7 a3 34. c5 Bb2 35. Qd7 Bf6 36. c6 Be5 37. f4 Bd6 38. c7 Bxc7 39. Qxc7 h6 40. f5 Qe8 41. Qa7 1-0

[Event "IECC CKO-1996/1"]
[Site "IECC email"]
[Date "1999.08.01"]
[Round "?"]
[White "Stanton, Tina"]
[Black "Jasinski, Jim"]
[Result "0-1"]
[WhiteElo "1515"]
[BlackElo "1210"]
[PlyCount "40"]
[EventDate "1999.??.??"]
[EventType "tourn (corr)"]
[EventRounds "2"]
[SourceTitle "Corr 2008"]
[Source "ChessBase"]
[SourceDate "2008.06.24"]
[SourceVersion "1"]
[SourceVersionDate "2008.06.24"]
[SourceQuality "1"]

1. e4 d5 2. exd5 Qxd5 3. Nc3 Qa5 4. d4 Nf6 5. Bc4 Bg4 6. Nf3 Ne4 7. Bd2 Nxd2 8. Kxd2 e6 9. Re1 Nc6 10. Kc1 0-0-0 11. d5 exd5 12. Bb3 Bxf3 13. Qxf3 d4 14. Qh3+ Kb8 15. Rd1 Qg5+ 16. Kb1 dxc3 17. Rxd8+ Qxd8 18. Qd3 Qf6 19. Qf3 Qxf3 20. gxf3 Ba3 0-1

[Event "IECC Trio 715 email"]
[Site "IECC email"]
[Date "1999.03.28"]
[Round "?"]
[White "Bass, Stanley"]
[Black "Stanton, Tina"]
[Result "1-0"]
[WhiteElo "1548"]
[BlackElo "1533"]
[PlyCount "63"]
[EventDate "1999.??.??"]
[EventType "tourn (corr)"]
[EventRounds "4"]
[SourceTitle "Corr 2008"]
[Source "ChessBase"]
[SourceDate "2008.06.24"]
[SourceVersion "1"]
[SourceVersionDate "2008.06.24"]
[SourceQuality "1"]

1. d4 d5 2. c4 c6 3. Nc3 e6 4. e3 Nf6 5. Nf3 Bb4 6. Bd2 0-0 7. a3 Bd6 8. c5 Bc7 9. Bd3 Nbd7 10. Qc2 b6 11. b4 bxc5 12. bxc5 Bb7 13. 0-0 Rb8 14. Rfb1 Bc8 15. Qa4 Qe7 16. Qxc6 Rxb1+ 17. Rxb1 Nb8 18. Qa4 a6 19. h3 Bd7 20. Qb3 Rc8 21. Ne5 Bxe5 22. dxe5 Ne8 23. Na4 Qh4 24. f4 Qg3 25. Nc3 Bc6 26. Ne2 Qh4 27. Qb6 g6 28. Nd4 Qg3 29. Nf3 Nd7 30. Qxa6 Rc7 31. Be1 Nxc5 32. Qa5 1-0

[Event "IECC STA email"]
[Site "IECC email"]
[Date "1999.01.13"]
[Round "4"]
[White "Stanton, Tina"]
[Black "Richard, Andy"]
[Result "0-1"]
[WhiteElo "1497"]
[BlackElo "1201"]
[PlyCount "36"]
[EventDate "1999.??.??"]
[EventType "tourn (corr)"]
[EventRounds "6"]
[SourceTitle "Corr 2008"]
[Source "ChessBase"]
[SourceDate "2008.06.24"]
[SourceVersion "1"]
[SourceVersionDate "2008.06.24"]
[SourceQuality "1"]

1. e4 e5 2. Nf3 Nc6 3. d4 exd4 4. Bb5 Bb4+ 5. Bd2 Qe7 6. 0-0 Bxd2 7. Nbxd2 Qb4 8. a3 Qxb5 9. b3 d6 10. a4 Qh5 11. Qe2 Nf6 12. Qd3 Qc5 13. Rad1 0-0 14. Nc4 Bg4 15. Rfe1 Rfe8 16. h3 Bxf3 17. Qxf3 Ne5 18. Nxe5 dxe5 0-1

[Event "IECC M email"]
[Site "IECC email"]
[Date "1998.11.22"]
[Round "?"]
[White "Athens, Jim"]
[Black "Stanton, Tina"]
[Result "0-1"]
[WhiteElo "1743"]
[BlackElo "1488"]
[PlyCount "86"]
[EventDate "1998.??.??"]
[EventType "tourn (corr)"]
[EventRounds "12"]
[SourceTitle "Corr 2008"]
[Source "ChessBase"]
[SourceDate "2008.06.24"]
[SourceVersion "1"]
[SourceVersionDate "2008.06.24"]
[SourceQuality "1"]

1. Nf3 g6 2. d4 Bg7 3. e4 d6 4. c4 Nf6 5. Nc3 0-0 6. Be2 c6 7. Qc2 Na6 8. a3 c5 9. Bg5 cxd4 10. Nxd4 e5 11. Nf3 Nc5 12. Bxf6 Bxf6 13. b4 Ne6 14. Nd5 Nf4 15. 0-0 Nxd5 16. cxd5 Bg4 17. Rfe1 Rc8 18. Qa4 Qb6 19. Nxe5 Bxe2 20. Nd7 Qd4 21. Nxf8 Rxf8 22. Ra2 Bc4 23. Rc2 Bd3 24. Rd2 Bg5 25. Rdd1 Qc3 26. Qxa7 Bd2 27. Rxd2 Qxd2 28. Qe3 Qxe3 29. Rxe3 Rc8 30. h3 Bb5 31. g4 f6 32. Kg2 Kf7 33. f4 g5 34. Kg3 Rc1 35. fxg5 fxg5 36. Rf3+ Kg6 37. Kf2 Rf1+ 38. Ke3 Rxf3+ 39. Kxf3 Kf6 40. h4 gxh4 41. Kf4 Be2 42. a4 h6 43. b5 b6 0-1

[Event "IECC M email"]
[Site "IECC email"]
[Date "1998.07.08"]
[Round "?"]
[White "Stanton, Tina"]
[Black "Humen, John F"]
[Result "0-1"]
[WhiteElo "1462"]
[BlackElo "1144"]
[PlyCount "44"]
[EventDate "1998.??.??"]
[EventType "tourn (corr)"]
[EventRounds "12"]
[SourceTitle "Corr 2008"]
[Source "ChessBase"]
[SourceDate "2008.06.24"]
[SourceVersion "1"]
[SourceVersionDate "2008.06.24"]
[SourceQuality "1"]

1. e4 c5 2. d4 cxd4 3. Qxd4 Nc6 4. Qc3 e5 5. Bb5 Bb4 6. Qd2 Bxd2+ 7. Bxd2 Qb6 8. c4 Nd4 9. Be3 Nc2+ 10. Kd2 Nxe3 11. fxe3 a6 12. Ba4 Qxb2+ 13. Bc2 Qxa1 14. a3 Qb2 15. Kd1 d6 16. Nf3 Nf6 17. h3 Be6 18. Nfd2 Rc8 19. Rf1 Bxc4 20. Nxc4 Rxc4 21. Rf2 Rxc2 22. Rxc2 Qxb1+ 0-1

[Event "IECC M email"]
[Site "IECC email"]
[Date "1998.05.26"]
[Round "?"]
[White "Stanton, Tina"]
[Black "Dunn, Paul Michael"]
[Result "0-1"]
[WhiteElo "1464"]
[BlackElo "1903"]
[PlyCount "66"]
[EventDate "1998.??.??"]
[EventType "tourn (corr)"]
[EventRounds "12"]
[SourceTitle "Corr 2008"]
[Source "ChessBase"]
[SourceDate "2008.06.24"]
[SourceVersion "1"]
[SourceVersionDate "2008.06.24"]
[SourceQuality "1"]

1. e4 c5 2. Nf3 d6 3. d4 cxd4 4. Nxd4 a6 5. Bc4 e6 6. 0-0 Nf6 7. Bg5 Be7 8. Nd2 0-0 9. a4 Nc6 10. Nxc6 bxc6 11. Re1 e5 12. Qe2 Nd7 13. Bxe7 Qxe7 14. Red1 Bb7 15. Nf3 Nf6 16. Nh4 d5 17. Nf5 Qc7 18. Bd3 Bc8 19. f3 Bxf5 20. exf5 Rfe8 21. a5 c5 22. b3 e4 23. fxe4 c4 24. bxc4 dxe4 25. g3 exd3 26. Qxd3 Qc5+ 27. Kf1 Ng4 28. Qd4 Nxh2+ 29. Kf2 Ng4+ 30. Kg2 Qxf5 31. Rd3 Re2+ 32. Kg1 Rae8 33. Rf1 Qh5 0-1

[Event "IECC SKO email"]
[Site "IECC email"]
[Date "1998.04.08"]
[Round "1"]
[White "Feinstein, Adam"]
[Black "Stanton, Tina"]
[Result "0-1"]
[WhiteElo "1882"]
[BlackElo "1430"]
[PlyCount "60"]
[EventDate "1998.??.??"]
[EventType "tourn (corr)"]
[EventRounds "6"]
[SourceTitle "Corr 2008"]
[Source "ChessBase"]
[SourceDate "2008.06.24"]
[SourceVersion "1"]
[SourceVersionDate "2008.06.24"]
[SourceQuality "1"]

1. Nf3 d5 2. c4 dxc4 3. g3 Nc6 4. Bg2 e5 5. Nc3 Nf6 6. 0-0 Bd6 7. Qa4 0-0 8. Qxc4 Be6 9. Qa4 Bd7 10. Qd1 Nd4 11. Ng5 h6 12. Nge4 Nxe4 13. Nxe4 Bg4 14. f3 Bf5 15. e3 Ne6 16. b3 Bb4 17. a3 Ba5 18. b4 Bb6 19. Bb2 Qd5 20. Qe2 Rad8 21. Rfd1 Ng5 22. Nxg5 Bd3 23. Qe1 hxg5 24. Bc3 Qe6 25. g4 c6 26. Qg3 f6 27. Kh1 c5 28. Re1 Rfe8 29. Rac1 Qb3 30. bxc5 Bxc5 0-1

[Event "IECC SKO email"]
[Site "IECC email"]
[Date "1998.04.08"]
[Round "1"]
[White "Stanton, Tina"]
[Black "Feinstein, Adam"]
[Result "1-0"]
[WhiteElo "1430"]
[BlackElo "1882"]
[PlyCount "59"]
[EventDate "1998.??.??"]
[EventType "tourn (corr)"]
[EventRounds "6"]
[SourceTitle "Corr 2008"]
[Source "ChessBase"]
[SourceDate "2008.06.24"]
[SourceVersion "1"]
[SourceVersionDate "2008.06.24"]
[SourceQuality "1"]

1. e4 d5 2. exd5 Qxd5 3. Nc3 Qa5 4. d4 Nf6 5. Bd2 c6 6. Nge2 Bf5 7. Ng3 Bg6 8. Nce4 Qb6 9. Nxf6+ exf6 10. Qe2+ Kd8 11. 0-0-0 Bd6 12. Qf3 Qc7 13. Bc4 b5 14. Bd3 Bxd3 15. Qxd3 a5 16. Rhe1 Nd7 17. Nf5 g6 18. Nxd6 Qxd6 19. g3 g5 20. f4 h6 21. c4 b4 22. Qf5 Kc7 23. Re4 c5 24. Be3 Rhe8 25. dxc5 Qc6 26. Rd6 Qa4 27. c6 Ne5 28. Rd7+ Kxc6 29. fxe5 Rad8 30. Red4 1-0

[Event "IECC CL5-1998.10"]
[Site "IECC email"]
[Date "1998.04.01"]
[Round "?"]
[White "Stanton, Tina"]
[Black "Golovin, Grigory I"]
[Result "1/2-1/2"]
[WhiteElo "1459"]
[BlackElo "1679"]
[PlyCount "99"]
[EventDate "1998.??.??"]
[EventType "tourn (corr)"]
[EventRounds "4"]
[SourceTitle "Corr 2008"]
[Source "ChessBase"]
[SourceDate "2008.06.24"]
[SourceVersion "1"]
[SourceVersionDate "2008.06.24"]
[SourceQuality "1"]

1. e4 c5 2. Nf3 d6 3. d4 cxd4 4. Nxd4 Nf6 5. Nc3 g6 6. Bb5+ Bd7 7. Bg5 Bg7 8. 0-0 Nc6 9. Be3 0-0 10. f3 Qc7 11. a4 Rfc8 12. Nxc6 bxc6 13. Ba6 Rcb8 14. Qc1 e6 15. Rd1 Qa5 16. Bc4 d5 17. e5 Ne8 18. f4 f6 19. exf6 Nxf6 20. Be2 Rb4 21. h3 Ne8 22. Rd3 Rab8 23. b3 c5 24. Na2 Bxa1 25. Nxb4 Rxb4 26. Qxa1 c4 27. Rc3 Nd6 28. Bc1 Ne4 29. Rf3 cxb3 30. cxb3 Qc5+ 31. Kh2 Qc2 32. Bd3 Qd1 33. Bxe4 dxe4 34. Qf6 Qxc1 35. Qd8+ Kf7 36. Qxd7+ Kf6 37. Rf2 Qc5 38. Rd2 Qe7 39. Qc8 Rb7 40. Qh8+ Qg7 41. Qd8+ Qe7 42. Qd4+ Kf7 43. Qh8 Qf8 44. Qxh7+ Qg7 45. Qh4 Qf6 46. Qg5 Qxg5 47. fxg5 e5 48. Re2 Rxb3 49. Rxe4 Ke6 50. h4 1/2-1/2